00944nam a2200157 a 4500008004100000020001500041041000800056100002000064245004900084250001200133260004000145300001100185500009200196505048700288655001100775161215e1994 ag |||g |||| 00| f spa d a9500702916 aspa1 aAllende, Isabel 3aLa casa de los espíritus /cIsabel Allende a33a ed. aBuenos Aires:bSudamericana;c1994. a363 p. aAllende, I. (1994). La casa de los espíritus. (33a ed.). Buenos Aires : Sudamericana. aDesde principios de siglo hasta la actualidad, este relato sigue la vida de Esteban Trueba, de su mujer, de sus hijos legítimos y naturales, de sus nietos. La saga de una familia y de un mundo: historia del arrebato del autoritarismos, los desbordes de la fantasía, la interpenetración de lo irreal y lo ilusorio. Todo ello en un espacio donde la violencia, la lucha y la esperanza coinciden: un espacio en el cual puede reconocerse el vivir de los países latinoamericanos.  aNovela